000 00513nam a2200133Ia 4500
008 230503t2018||||xx |||||||||||||| ||spa||
110 _aOficina de estudios y políticas agrarias
245 0 _aEvolución de la cooperación internacional chilena en el sector agrícola (2018)
260 _aSantiago de Chile
_bODEPA
_c2018
260 _c2018
300 _a12 páginas
500 _a(CL-D-168)
856 _uhttps://www.odepa.gob.cl/wp-content/uploads/2018/02/evolucionCooperacion.pdf
_yClick para acceder al recurso
999 _c172224
_d172224